000 00498nam a22001937a 4500
003 MPLRDC
005 20220104124247.0
008 210129b ||||| |||| 00| 0 eng d
020 _a7-100-01418-2
082 _a784.18 VIC
100 _a里敦. 斯特莱切
245 _a维多利亚女王传
_c卞之琳 译
250 _a一版一刷
260 _a
_b商务印书馆
_c1992
300 _b
490 _a世界名传记丛书
650 _a英国名人传记
942 _cBK
_o784.18 VIC
999 _c17913
_d17903